000 00459nam a2200169Ia 4500
008 230711s9999||||xx |||||||||||||| ||und||
020 _a978-93-83419-944
041 _aENG
082 _a727.9
_bSC-R
100 _aSchool of Planning and Architecture
245 0 _aRedevelopment of Community Centre Precincts New Delhi
250 _a1st Ed.
260 _c2021
_aGhaziabad
_bCopal Publishing Group
300 _a176p.
650 _aArchitecture
942 _cBK
999 _c7024
_d7024